Alexander Pushkin / (Record no. 136572)
[ view plain ]
| 000 -LEADER | |
|---|---|
| fixed length control field | 00650nam a22002057a 4500 |
| 010 ## - LIBRARY OF CONGRESS CONTROL NUMBER | |
| LC control number | 840677 |
| 035 ## - SYSTEM CONTROL NUMBER | |
| System control number | 840677 |
| 037 ## - SOURCE OF ACQUISITION | |
| Source of stock number/acquisition | Cen Lib / Ret |
| 040 ## - CATALOGING SOURCE | |
| Original cataloging agency | DPL |
| Language of cataloging | EN |
| 082 ## - DEWEY DECIMAL CLASSIFICATION NUMBER | |
| Classification number | 880 |
| Item number | PUS |
| 100 ## - MAIN ENTRY--PERSONAL NAME | |
| Personal name | Pushkin, Alexander |
| 245 ## - TITLE STATEMENT | |
| Title | Alexander Pushkin / |
| Remainder of title | selected works in two volumes / |
| Statement of responsibility, etc | by Alexander Pushkin |
| 260 ## - PUBLICATION, DISTRIBUTION, ETC. (IMPRINT) | |
| Place of publication, distribution, etc | Moscow |
| Name of publisher, distributor, etc | Progress Publishers |
| Date of publication, distribution, etc | 1974 |
| 270 ## - ADDRESS | |
| Address | Progress Publishers |
| City | Moscow |
| 300 ## - PHYSICAL DESCRIPTION | |
| Extent | 229p |
| Other physical details | 24cm(Hb) |
| 505 ## - FORMATTED CONTENTS NOTE | |
| Formatted contents note | v. 2 Prose works |
| 650 ## - SUBJECT ADDED ENTRY--TOPICAL TERM | |
| Topical term or geographic name as entry element | Pushkin, Aleksandr Sergeevich, -- 1799-1837. |
| 650 ## - SUBJECT ADDED ENTRY--TOPICAL TERM | |
| Topical term or geographic name as entry element | Authors, Russian -- 19th century -- Biography. |
| 942 ## - ADDED ENTRY ELEMENTS (KOHA) | |
| Source of classification or shelving scheme | Dewey Decimal Classification |
| Koha item type | English Books |
| Classification part | 880 |
| Call number suffix | PUS |
| Withdrawn status | Lost status | Source of classification or shelving scheme | Materials specified (bound volume or other part) | Damaged status | Not for loan | Home library | Current library | Date acquired | Source of acquisition | Total Checkouts | Full call number | Barcode | Date last seen | Date checked out | Price effective from | Koha item type |
|---|---|---|---|---|---|---|---|---|---|---|---|---|---|---|---|---|
| Dewey Decimal Classification | v 2 | Central Library | Central Library | 04/03/2016 | Cen Lib/Ret | 2 | 880 PUS | 840677 | 14/02/2020 | 12/02/2020 | 04/03/2016 | English Books |
